Normal view
MARC view
Entry Nome pessoal
001 - NÚMERO DE CONTROLE
- campo de controle: 621
003 - IDENTIFICADOR DO NÚMERO DE CONTROLE
- campo de controle: Br
005 - DATA E HORÁRIO DA ÚLTIMA TRANSAÇÃO
- campo de controle: 20250325105459.0
008 - CAMPO DE DADOS FIXOS
- campo de controle de tamanho fixo: 970915n| acnnnaab| aaaa |d
035 ## - NÚMERO DE CONTROLE DO SISTEMA
- Número de Controle do Sistema: 97091510265281001
040 ## - FONTE DA CATALOGAÇÃO
- Instituição da catalogação original: Br
- Instituição que transcreveu o registro: Br
100 1# - CABEÇALHO--NOME PESSOAL
- Nome pessoal: Stevenson, Robert Louis,
- Datas associadas ao nome: 1850-1894
400 1# - REMISSIVA VER--NOME PESSOAL
- Nome pessoal: Stevenson, R. L.
- Datas associadas ao nome: 1850-1894
- Forma completa do nome: (Robert Louis)
400 1# - REMISSIVA VER--NOME PESSOAL
- Nome pessoal: Stevenson, Robert Louis Balfour
- Datas associadas ao nome: 1850-1894
400 1# - REMISSIVA VER--NOME PESSOAL
- Nome pessoal: Stevenson, Robert L.
- Datas associadas ao nome: 1850-1894
670 ## - FONTE POSITIVA DOS DADOS
- Citação da fonte positiva dos dados: Autor de: A ilha do tesouro. 2002
- Dados encontrados na fonte localizada no subcampo: (/ Robert-Louis Stevenson ; ficha cat.: D.)
670 ## - FONTE POSITIVA DOS DADOS
- Citação da fonte positiva dos dados: Bristol, Brian. Por que amamos ler?... 2008
- Dados encontrados na fonte localizada no subcampo: (p.102: D.; romancista e poeta escocês)
670 ## - FONTE POSITIVA DOS DADOS
- Citação da fonte positiva dos dados: http://authorities.loc.gov 21/10/09
- Dados encontrados na fonte localizada no subcampo: (D., rems.)
670 ## - FONTE POSITIVA DOS DADOS
- Citação da fonte positiva dos dados: http://en.wikipedia.org/wiki/Robert_Louis_Stevenson
- Dados encontrados na fonte localizada no subcampo: (Robert Louis Balfour Stevenson nasceu no dia 13 de novembro de 1850, em Edimburgo, Escócia e faleceu no dia 3 de dezembro de 1894. Foi um novelista, poeta e escritor de roteiros de viagem)